La Planeación económica en América Latina y el Caribe: una experiencia fallida /

Αποθηκεύτηκε σε:
Λεπτομέρειες βιβλιογραφικής εγγραφής
Κύριος συγγραφέας: Zurita Campos, Jaime M
Μορφή: Κείμενο
Θέματα:
Ετικέτες: Προσθήκη ετικέτας
Δεν υπάρχουν, Καταχωρήστε ετικέτα πρώτοι!

MARC

LEADER 00000 a a2200000 04500
001 5313
003
040
100 |a Zurita Campos, Jaime M  
245 |a La Planeación económica en América Latina y el Caribe:   |b una experiencia fallida /  |c Jaime M Zurita Campos 
650 |a PLANEACION ECONOMICA  
650 |a SUSTITUCION DE IMPORTACIONES  
650 |a CONSECUENCIAS ECONOMICAS  
650 |a PARTICIPACION DEL ESTADO  
650 |a MERCADO  
773 |g número 290; páginas 32-40  
999 |c 23831  |d 23831